Представление документа в формате MARC21

Поле Инд. ПП Название Значение
Тип записи a
Библиографический уровень m
001 Контрольный номер RU/LIBMSTU/282736237
005 Дата корректировки 20220617140658.2
008 Кодируемые данные 081222|||||||||ru |||||||||||000|||rus||
020 a ISBN 978-5-85510-319-9
c Цена, тираж 200-00
040 b Код языка каталог. rus
041 0_ a Код языка текста rus
084 a Индекс другой классификации/Индекс ББК 26.8г+26.89(88)
090 a Полочн. индекс 26.8г
x Авторский знак С 29
100 1_ a Автор Селиверстов Л. С.
245 10 a Заглавие В Арктике на парусниках и атомоходах
260 a Место издания Мурманск
b Издательство Кн. изд-во
c Дата издания 2008
300 a Объем 413, [1] с.
b Иллюстрации/ тип воспроизводства ил.
504 a Библиография Библиогр.: с. 406-407
583 x Служебное примечание Арктические исследования
x Служебное примечание Краеведческий каталог
650 04 a Основная рубрика Арктика-Освоение
650 14 a Основная рубрика Освоение Арктики
651 _4 a Географическое наименование Арктика
653 0_ a Ключевые слова Экспедиции арктические
653 1_ a Ключевые слова Ледокольный флот
653 1_ a Ключевые слова Ледоколы атомные
653 1_ a Ключевые слова Исследования арктические
a Ключевые слова Мореплаватели русские
653 1_ a Ключевые слова Первопроходцы
653 1_ a Ключевые слова История географии
900 a Имя макрообъекта Селиверстов Л. С. В Арктике на парусниках
901 t Тип документа m